[Event "Titled Tue 3rd Jan Late"]
[Site "chess.com INT"]
[Date "2025.06.03"]
[Round "2"]
[White "Dubnevych, Maksym"]
[Black "Erdogan, Anil Berk"]
[Result "1-0"]
[WhiteTitle "FM"]
[BlackTitle "CM"]
[WhiteElo "2292"]
[BlackElo "2091"]
[WhiteFideId "14184001"]
[BlackFideId "6348173"]
[EventDate "2025.06.03"]

1. Nc3 c5 2. Nf3 g6 3. d4 cxd4 4. Qxd4 Nf6 5. Bg5 Nc6 6. Qh4 Bg7 7. e4 h6 8.
Bxf6 Bxf6 9. Qf4 Bg7 10. Bc4 O-O 11. O-O d6 12. Qe3 Qb6 13. Qxb6 axb6 14. Nd5
Bxb2 15. Rab1 Bg7 16. Nxb6 Ra7 17. h3 Be6 18. Nd5 Bxd5 19. Bxd5 e6 20. Bb3 Nd4
21. Nxd4 Bxd4 22. Rbd1 Bc5 23. Kh2 Kg7 24. f4 b5 25. Rd3 Re7 26. h4 f5 27. exf5
exf5 28. Rg3 h5 29. Rd3 Rfe8 30. a4 bxa4 31. Bxa4 Ra8 32. Bb3 Rae8 33. Bd5 Re3
34. Rdd1 Rc3 35. Rd2 Be3 36. Rd3 Rxc2 37. Rb3 Re7 38. Kg3 Bc5 39. Bf3 Rd2 40.
Rb8 Re1 41. Rxe1 Bf2+ 42. Kh3 Bxe1 43. Rd8 Bf2 44. Bc6 Kf6 45. Rf8+ Ke7 46. Rg8
Kf7 47. Rd8 Bc5 48. Kg3 Rd3+ 49. Kh2 Be3 50. g3 Bc5 51. Kg2 Ke7 52. Re8+ Kf7 53.
Re2 Rc3 54. Bd5+ Kg7 55. Re7+ Kf8 56. Rf7+ Ke8 57. Rf6 Rc2+ 58. Kf1 Rc1+ 59. Ke2
Rc2+ 60. Kd3 Rg2 61. Bxg2 Ke7 62. Rxg6 1-0

[Event "Titled Tue 3rd Jan Late"]
[Site "chess.com INT"]
[Date "2025.06.03"]
[Round "2"]
[White "Akhayan, Ruben"]
[Black "Bukreev, Stanislav"]
[Result "0-1"]
[WhiteTitle "FM"]
[BlackTitle "FM"]
[WhiteElo "2265"]
[BlackElo "2328"]
[WhiteFideId "204439"]
[BlackFideId "34252347"]
[EventDate "2025.06.03"]

1. Nf3 Nf6 2. d4 d5 3. Bf4 e6 4. e3 Bd6 5. Bd3 O-O 6. c3 c5 7. Nbd2 Qc7 8. Bg3
b6 9. O-O Bb7 10. Qe2 Nc6 11. dxc5 bxc5 12. e4 Nd7 13. exd5 exd5 14. Ng5 h6 15.
Ngf3 Rfe8 16. Qd1 Nde5 17. Nxe5 Nxe5 18. Bxe5 Bxe5 19. Nf3 Bf4 20. Bc2 Rad8 21.
Qd3 g6 22. Rfe1 Rxe1+ 23. Rxe1 d4 24. Bb3 Bxf3 25. Qxg6+ Kf8 26. Qh7 Bxh2+ 27.
Kh1 Be5 28. gxf3 Bg7 29. cxd4 cxd4 30. Qf5 d3 31. Rd1 d2 32. Kg2 Bxb2 33. Qe4
Bc3 34. Qe3 Qe5 35. Qxh6+ Qg7+ 36. Qxg7+ Kxg7 37. f4 Bb2 38. Kf3 Bc1 39. Bc4 f6
40. Bb3 a5 41. f5 Kf8 42. Be6 Ke7 43. Ke2 Kd6 44. Bb3 Ke5 45. Ke3 Kxf5 46. Ke2
Kf4 47. Bc4 Re8+ 48. Kd3 Rc8 49. Bb3 Kf3 50. Be6 Rc7 51. Bd5+ Kxf2 52. Bb3 f5
53. Kd4 f4 54. Ke4 f3 55. Bd5 Ke2 0-1

[Event "Titled Tue 3rd Jan Late"]
[Site "chess.com INT"]
[Date "2025.06.03"]
[Round "2"]
[White "Yanev, Tihomir"]
[Black "Rajaram, Rohan"]
[Result "1/2-1/2"]
[WhiteTitle "IM"]
[BlackTitle "CM"]
[WhiteElo "2354"]
[BlackElo "2164"]
[WhiteFideId "2910110"]
[BlackFideId "30940729"]
[EventDate "2025.06.03"]

1. e4 c5 2. Nc3 e6 3. g3 g6 4. Bg2 Bg7 5. d3 Nc6 6. f4 Nge7 7. Nf3 d5 8. O-O O-O
9. Bd2 Rb8 10. e5 b5 11. Ne2 f6 12. exf6 Bxf6 13. Rb1 Qc7 14. c3 Bd7 15. g4 e5
16. g5 Bg7 17. fxe5 Nxe5 18. d4 cxd4 19. Nexd4 Ng4 20. h3 Ne5 21. Qe2 Nf5 22.
Nxe5 Bxe5 23. Nxf5 Bxf5 24. Rbd1 d4 25. cxd4 Bxd4+ 26. Kh1 Rbe8 27. Qf3 Kh8 28.
Bf4 Qg7 29. Qb3 Be4 30. Qxb5 Bxg2+ 31. Kxg2 Re6 32. Rd2 Rb6 33. Qd3 Rxb2 34.
Rxb2 Bxb2 35. Bg3 Re8 36. Rf2 Be5 37. Re2 Qb7+ 38. Qf3 Qxf3+ 39. Kxf3 Rf8+ 40.
Kg4 Bxg3 41. Kxg3 Rf7 42. h4 Kg7 43. Re3 h6 44. gxh6+ Kxh6 45. Kg4 Rf5 46. Ra3
Rf7 47. Ra5 Rb7 48. Ra6 Rb4+ 49. Kg3 Kh5 50. Ra5+ Kh6 51. Rxa7 Rb1 52. a4 Rg1+
53. Kf3 Rf1+ 54. Kg3 Rg1+ 55. Kf3 Rf1+ 56. Kg3 Rg1+ 1/2-1/2

[Event "Titled Tue 3rd Jan Late"]
[Site "chess.com INT"]
[Date "2025.06.03"]
[Round "2"]
[White "Perry, Patrick"]
[Black "Sivakumar, Ashvin"]
[Result "0-1"]
[BlackTitle "FM"]
[WhiteElo "2296"]
[BlackElo "2175"]
[WhiteFideId "30917727"]
[BlackFideId "5804655"]
[EventDate "2025.06.03"]

1. e4 e6 2. d4 d5 3. Nc3 Nf6 4. e5 Nfd7 5. f4 c5 6. Be3 Nc6 7. Nf3 Qb6 8. Qd2 a6
9. Nd1 cxd4 10. Nxd4 Bc5 11. c3 O-O 12. Nb3 Bxe3 13. Qxe3 Qc7 14. Bd3 b5 15. O-O
Bb7 16. Rf3 Qb6 17. Nd4 b4 18. Rh3 h6 19. Nf2 Rfc8 20. Ng4 a5 21. Nxh6+ gxh6 22.
f5 Nxd4 23. cxd4 Kf8 24. Qxh6+ Ke7 25. Qg5+ f6 26. Rh7+ Kd8 27. exf6 Qxd4+ 28.
Kh1 exf5 29. f7+ Kc7 30. Bxf5 Bc6 31. Rc1 Kb6 32. Qe7 Nf8 33. Rh6 Rc7 34. Qd6
Qxb2 35. Rxc6+ Kb5 36. h3 Qa1+ 37. Kh2 Rb7 38. Rc5+ Ka4 39. Qxd5 Raa7 40. Bc2+
b3 41. Bxb3+ Ka3 42. Rxa5+ Rxa5 43. Qxa5+ Kb2 44. Qe5+ Kb1 45. Qe4+ Kb2 46. Qxb7
Qc1 47. Qc6 Qf4+ 48. Kg1 Qe3+ 49. Kf1 Qf4+ 50. Ke2 Qe5+ 51. Kf3 Qf5+ 52. Kg3
Qg5+ 53. Kf3 Qf5+ 54. Ke3 Qg5+ 55. Kd4 Qf4+ 56. Kc5 Qe5+ 57. Kb6 Ne6 0-1

[Event "Titled Tue 3rd Jan Late"]
[Site "chess.com INT"]
[Date "2025.06.03"]
[Round "2"]
[White "Kobalia, Mikhail"]
[Black "Nguyen Hong Nhung"]
[Result "1-0"]
[WhiteTitle "GM"]
[BlackTitle "WFM"]
[WhiteElo "2538"]
[BlackElo "2197"]
[WhiteFideId "4119150"]
[BlackFideId "12412201"]
[EventDate "2025.06.03"]

1. Nf3 c5 2. b3 Nf6 3. Bb2 d5 4. e3 Nc6 5. d4 Bg4 6. h3 Bh5 7. dxc5 e6 8. c4
dxc4 9. Qxd8+ Rxd8 10. Bxc4 Bxc5 11. Ke2 O-O 12. Rc1 Bb6 13. Bb5 Ne4 14. g4 Bg6
15. Bxc6 bxc6 16. Ne5 c5 17. f3 Nf6 18. Nd2 Nd7 19. Nxg6 hxg6 20. Ne4 f5 21. Ng5
Rfe8 22. Rd1 Nf8 23. f4 Nh7 24. Rxd8 Bxd8 25. Nf3 Nf6 26. g5 Ne4 27. Ne5 Bc7 28.
Rd1 Bxe5 29. Bxe5 Re7 30. Rd8+ Kf7 31. Kd3 Rb7 32. Bd6 Nxd6 33. Rxd6 Ke7 34. Rc6
Rd7+ 35. Kc3 e5 36. fxe5 Rd5 37. Rxg6 Kf7 38. Ra6 Rxe5 39. Kd3 Rd5+ 40. Kc4 Re5
41. Rxa7+ Kg6 42. Kd3 Rd5+ 43. Ke2 Re5 44. Kf2 Rd5 45. a4 Rd3 46. Rb7 Kxg5 47.
a5 g6 48. a6 Rd2+ 49. Kf3 Ra2 50. a7 Ra3 51. Kg3 Kf6 52. h4 Ra1 53. Kf3 Ke5 54.
Ke2 Ke4 55. Re7+ Kd5 56. Kd3 Rd1+ 57. Kc3 Ra1 58. Rg7 Ke4 59. Re7+ Kf3 60. Kc4
Rc1+ 61. Kb5 Ra1 62. Kxc5 Kg4 63. b4 Kxh4 64. b5 g5 65. b6 f4 66. exf4 gxf4 67.
Re8 f3 68. a8=Q Rc1+ 69. Kb4 f2 70. Qe4+ Kg3 71. Rg8+ Kh3 72. Qg2+ Kh4 73. Qg4# 1-0

[Event "Titled Tue 3rd Jan Late"]
[Site "chess.com INT"]
[Date "2025.06.03"]
[Round "2"]
[White "Dovgaliuk, Oleksandr"]
[Black "Morris-Suzuki, Alan H"]
[Result "0-1"]
[WhiteElo "2240"]
[BlackElo "1986"]
[WhiteFideId "14167247"]
[BlackFideId "30933218"]
[EventDate "2025.06.03"]

1. e4 g6 2. Nf3 Bg7 3. d4 d6 4. Nc3 a6 5. Be2 Nf6 6. O-O O-O 7. Re1 Nc6 8. Bf1
e5 9. dxe5 dxe5 10. Bg5 Be6 11. h3 h6 12. Bh4 Qe7 13. Nd5 Bxd5 14. exd5 Rad8 15.
c4 e4 16. Nd2 g5 17. dxc6 gxh4 18. cxb7 Qb4 19. Re2 Qxb7 20. Qc2 Rd4 21. Rae1
Re8 22. Nb3 Rd6 23. Nc5 Qc6 24. Nxe4 Nxe4 25. Rxe4 Rxe4 26. Rxe4 Bxb2 27. Rg4+
Bg7 28. Bd3 Qd7 29. Qb2 f5 30. Bxf5 Rd1+ 31. Kh2 Qd6+ 32. f4 Qxf4+ 33. Rxf4 Bxb2
34. Rxh4 Be5+ 35. g3 Rd2+ 36. Kg1 Kg7 37. Rg4+ Kf6 38. Be4 Rxa2 39. Rg6+ Ke7 40.
Rxh6 Bxg3 41. h4 a5 42. h5 a4 43. Ra6 Be5 44. Bd5 Kd7 45. h6 a3 46. c5 Ra1+ 47.
Kg2 Rd1 48. Kf3 Rxd5 49. Rxa3 Rxc5 50. Ke4 Ke7 51. Rh3 Bh8 52. Rg3 Rc4+ 53. Kd5
Rd4+ 54. Kc6 Rc4+ 55. Kd5 Rc1 56. Rg8 Rd1+ 57. Kc6 Rd8 58. Rg6 Be5 0-1

[Event "Titled Tue 3rd Jan Late"]
[Site "chess.com INT"]
[Date "2025.06.03"]
[Round "2"]
[White "Mekhitarian, Krikor Sevag"]
[Black "Hoeffer, David"]
[Result "0-1"]
[WhiteTitle "GM"]
[BlackTitle "FM"]
[WhiteElo "2564"]
[BlackElo "2295"]
[WhiteFideId "2107660"]
[BlackFideId "24606766"]
[EventDate "2025.06.03"]

1. Nf3 Nc6 2. d4 d5 3. Bf4 Bf5 4. e3 e6 5. Bb5 Bd6 6. Bg3 Ne7 7. O-O O-O 8. Nbd2
a6 9. Be2 h6 10. c4 Ng6 11. Rc1 Nce7 12. Qb3 Bxg3 13. hxg3 Rb8 14. Qa3 c6 15.
Nb3 Re8 16. Rfe1 Nf8 17. Nc5 Nd7 18. Nd3 Kh8 19. Nde5 Nxe5 20. Nxe5 Kg8 21. b3
Ng6 22. Nf3 Bg4 23. Qb2 Bxf3 24. Bxf3 f5 25. b4 Nh8 26. b5 axb5 27. cxb5 Qb6 28.
Rb1 c5 29. dxc5 Qxc5 30. Rec1 Qd6 31. Bh5 Rec8 32. a4 Nf7 33. Bxf7+ Kxf7 34. a5
e5 35. Rxc8 Rxc8 36. Rc1 Rxc1+ 37. Qxc1 d4 38. exd4 exd4 39. b6 d3 40. Qc7+ Ke6
41. Qc8+ Qd7 42. Qc4+ Ke7 43. Qc5+ Kf7 44. Qc4+ Kg6 45. Qc1 d2 46. Qd1 Qd3 47.
a6 bxa6 48. b7 Qb5 49. b8=Q Qxb8 50. Qxd2 Qb6 51. Kh2 a5 52. Qf4 h5 53. Qc4 Qxf2
54. Qa6+ Kh7 55. Qxa5 h4 56. gxh4 Qxh4+ 57. Kg1 Qd4+ 58. Kh1 g6 59. Qc7+ Kh6 60.
Qh2+ Kg5 61. Qg3+ Kh5 62. Qf3+ Qg4 63. Qd5 Qg3 64. Kg1 Qe3+ 65. Kf1 Kg4 66. Qg8
g5 67. Qb8 Qc1+ 68. Ke2 f4 69. Qc8+ Qxc8 0-1

[Event "Titled Tue 3rd Jan Late"]
[Site "chess.com INT"]
[Date "2025.06.03"]
[Round "2"]
[White "Bratovic, Blaz"]
[Black "Rustemov, Alexander"]
[Result "1/2-1/2"]
[WhiteTitle "IM"]
[BlackTitle "GM"]
[WhiteElo "2319"]
[BlackElo "2525"]
[WhiteFideId "14603551"]
[BlackFideId "4119002"]
[EventDate "2025.06.03"]

1. e4 e6 2. d4 d5 3. e5 c5 4. c3 Bd7 5. Nf3 Ne7 6. Bd3 Nbc6 7. O-O cxd4 8. cxd4
Nf5 9. Bxf5 exf5 10. Nc3 Be6 11. Ne2 Be7 12. Nf4 O-O 13. Be3 g5 14. Nh5 f4 15.
Bd2 Bg4 16. Nf6+ Bxf6 17. exf6 Qxf6 18. Bc3 Rfe8 19. h3 Bh5 20. Qd3 Bxf3 21.
Qxf3 Qf5 22. Rfe1 h6 23. g4 Qd7 24. Kg2 Kg7 25. h4 f6 26. Rh1 Qf7 27. hxg5 hxg5
28. Rh5 Rh8 29. Rah1 Rxh5 30. gxh5 Kh6 31. Qg4 Re8 32. Qf5 Re4 33. Qc8 Re8 34.
Qf5 Kg7 35. h6+ Kh8 36. h7 Re7 37. Rh6 Qe6 38. Rxf6 Qxf5 39. Rxf5 Kxh7 40. Rxd5
Kg6 41. Rd6+ Kf5 42. d5 Ne5 43. Rd8 Nf7 44. Rf8 g4 45. Bb4 Rd7 46. d6 Ke6 47.
Re8+ Kd5 48. Re7 Kc6 49. Re4 a5 50. Bxa5 Nxd6 51. Rxf4 Rg7 52. Bb4 Nb5 53. Kg3
Nc7 54. Rxg4 Rf7 55. Rf4 Rg7+ 56. Rg4 Rf7 57. Bc3 Nd5 58. Rg6+ Kc5 59. Rg5 b5
60. a3 Kc4 61. Rg4+ Kc5 62. Bb4+ Kc6 63. f4 Ne3 64. Rg6+ Kd5 65. Kf3 Nc4 66.
Rg5+ Kd4 67. Rxb5 Nxb2 68. Rb8 Nd3 69. Rd8+ Kc4 70. Rc8+ Kd4 71. Rd8+ Kc4 72.
Rc8+ Kd4 73. Rd8+ 1/2-1/2

[Event "Titled Tue 3rd Jan Late"]
[Site "chess.com INT"]
[Date "2025.06.03"]
[Round "2"]
[White "Cernov, Henrik"]
[Black "Chen, Yidong"]
[Result "0-1"]
[WhiteTitle "FM"]
[WhiteElo "2325"]
[BlackElo "2038"]
[WhiteFideId "16258312"]
[BlackFideId "8607028"]
[EventDate "2025.06.03"]

1. e4 c5 2. Nf3 d6 3. d4 cxd4 4. Nxd4 Nf6 5. Nc3 a6 6. f4 e5 7. Nf3 Qc7 8. Bd3
Be7 9. O-O O-O 10. fxe5 dxe5 11. Bg5 Be6 12. Nh4 Nbd7 13. Nf5 Bxf5 14. Rxf5 Rfe8
15. Qf3 Qb6+ 16. Qf2 Qxb2 17. Rb1 Qxc3 18. Kh1 b5 19. h4 Nc5 20. Qf3 Rad8 21.
Rd1 Rd6 22. Bd2 Qa3 23. Bc1 Qc3 24. Bd2 Qb2 25. Bc1 Qxa2 26. Rxe5 Nxd3 27. cxd3
Re6 28. Rf5 g6 29. Rf4 Rf8 30. Rf1 Nh5 31. Rg4 Rf6 32. Qd1 Rxf1+ 33. Qxf1 Qe6
34. Qd1 Bf6 35. Bh6 Bg7 36. Bd2 Rc8 37. e5 Qxe5 38. d4 Qf5 39. Rg5 Qd7 40. d5 h6
41. Rg4 Qxd5 42. Rb4 Rd8 43. Qg4 Qxd2 44. Re4 Qd1+ 45. Kh2 Qxg4 46. Rxg4 Be5+
47. g3 Rd2+ 48. Kg1 Kg7 49. Kf1 Kf6 50. Ke1 Rb2 51. Re4 Ke6 52. g4 Ng3 53. Re3
Kd5 54. g5 hxg5 55. hxg5 a5 56. Kd1 a4 57. Kc1 Bf4 58. Kxb2 Bxe3 59. Ka3 Kc5 60.
Ka2 b4 61. Kb2 Kc4 62. Kc2 a3 63. Kb1 Bd4 64. Ka2 Ne4 65. Kb1 Kb3 66. Kc1 a2 67.
Kd1 a1=Q+ 68. Ke2 Qc3 69. Kf1 Qf3+ 70. Ke1 Bc3# 0-1

[Event "Titled Tue 3rd Jan Late"]
[Site "chess.com INT"]
[Date "2025.06.03"]
[Round "2"]
[White "Bogaudinov, Rushan"]
[Black "Shandrygin, Nikita"]
[Result "1/2-1/2"]
[WhiteTitle "FM"]
[BlackTitle "FM"]
[WhiteElo "1912"]
[BlackElo "2209"]
[WhiteFideId "4129288"]
[BlackFideId "24198668"]
[EventDate "2025.06.03"]

1. e4 c5 2. Nf3 e6 3. g3 Nc6 4. Bg2 d5 5. exd5 exd5 6. O-O Bg4 7. h3 Bh5 8. g4
Bg6 9. d4 cxd4 10. Nxd4 Bc5 11. Nb3 Bb6 12. Nc3 Nge7 13. Nxd5 Nxd5 14. Bxd5 O-O
15. Bxc6 bxc6 16. Qxd8 Raxd8 17. c3 Rd3 18. Kg2 f5 19. f3 fxg4 20. hxg4 h5 21.
g5 Re8 22. Nd4 c5 23. Nb3 h4 24. Bf4 c4 25. Nd4 Bxd4 26. cxd4 Rxd4 27. Bc7 Bf5
28. Rf2 Kf7 29. Ba5 Kg6 30. Bc3 Rd3 31. Kh2 Ree3 32. Raf1 a6 33. a3 Be6 34. Kg2
Bd5 35. Kh2 Bxf3 36. Bd2 Re2 37. Bc3 Rxf2+ 38. Rxf2 Kxg5 39. Bxg7 Kg4 40. Bc3 h3
41. Rd2 Re3 42. Rf2 Be4 43. Rd2 Rd3 44. Re2 Kf4 45. Rf2+ Rf3 46. Rxf3+ Kxf3 47.
Bg7 Ke2 48. Bh8 Bf5 49. Bc3 Kd3 50. Bf6 Kc2 51. Bc3 Kd3 52. Bf6 Be6 53. Bc3 Ke4
54. Bg7 Kd5 55. Bc3 Kc6 56. Bb4 Kb5 57. Bc3 Ka4 58. Bd4 Kb3 59. Bc3 a5 60. Be5
Kc2 61. Bc3 Kb1 62. Be5 Kc2 63. Bc3 Kd3 64. Bf6 Ke4 65. Bc3 Kf5 66. Bd4 Kg6 67.
Bc3 Kh7 68. Bd4 a4 69. Bc3 Kg6 70. Bd4 Kf5 71. Bc3 Ke4 72. Bf6 Kd3 73. Bc3 Kc2
74. Bf6 Kb3 1/2-1/2

[Event "Titled Tue 3rd Jan Late"]
[Site "chess.com INT"]
[Date "2025.06.03"]
[Round "2"]
[White "Tatarinov, Dmitry"]
[Black "Schuster, Karsten"]
[Result "1-0"]
[WhiteTitle "FM"]
[BlackTitle "FM"]
[WhiteElo "2344"]
[BlackElo "2266"]
[WhiteFideId "24160067"]
[BlackFideId "4611071"]
[EventDate "2025.06.03"]

1. d4 d5 2. c4 c6 3. Nf3 Nf6 4. Nc3 a6 5. cxd5 cxd5 6. Bf4 Nc6 7. e3 Bg4 8. Be2
Bxf3 9. Bxf3 e6 10. O-O Bd6 11. Bg5 h6 12. Bh4 O-O 13. Rc1 Rc8 14. a3 b5 15. Be2
Na5 16. a4 b4 17. Na2 Qb6 18. Qd3 Ra8 19. Bxf6 gxf6 20. g3 Nc4 21. b3 Na5 22.
Kg2 f5 23. h3 Qb7 24. g4 fxg4 25. hxg4 Rfc8 26. Rh1 Bf8 27. g5 Rxc1 28. Nxc1 Rc8
29. gxh6 Rc3 30. Qd1 Qe7 31. Bxa6 Kh8 32. Qg4 Qf6 33. Ne2 Rc2 34. Nf4 Nxb3 35.
Bd3 Rd2 36. Rb1 Na5 37. Rc1 Qd8 38. h7 Bg7 39. Nh5 Bh6 40. Rc7 Bxe3 41. Rxf7
Rxf2+ 42. Rxf2 Bxf2 43. Nf4 Bxd4 44. Nxe6 Qf6 45. Qxd4 Qxd4 46. Nxd4 b3 47. Kf3
b2 48. Ke3 Nc4+ 49. Ke2 Na3 50. a5 b1=Q 51. Bxb1 Nxb1 52. a6 Nc3+ 53. Kd3 Na4
54. a7 Nb6 55. Kc3 Kxh7 56. Kb4 Kg6 57. Kb5 Na8 58. Kc6 Kf6 59. Kb7 Ke5 60. Kxa8
Kxd4 61. Kb7 Ke3 62. a8=Q d4 63. Qe8+ Kd2 64. Kc6 d3 65. Kc5 Kc3 66. Qe3 Kc2 67.
Kd4 d2 68. Qc3+ Kd1 69. Kd3 Ke1 70. Qxd2+ Kf1 71. Qh2 1-0

[Event "Titled Tue 3rd Jan Late"]
[Site "chess.com INT"]
[Date "2025.06.03"]
[Round "2"]
[White "Dogan, Umut Anil"]
[Black "Atanasov, Anthony"]
[Result "0-1"]
[WhiteTitle "CM"]
[BlackTitle "IM"]
[WhiteElo "2123"]
[BlackElo "2402"]
[WhiteFideId "51618060"]
[BlackFideId "2623897"]
[EventDate "2025.06.03"]

1. d4 Nf6 2. Nf3 d5 3. c4 c6 4. e3 Bf5 5. Nc3 e6 6. Qb3 Qc7 7. Nh4 Be4 8. f3 Bg6
9. Nxg6 hxg6 10. Bd2 a6 11. cxd5 cxd5 12. Rc1 Nc6 13. f4 Rc8 14. Na4 Ne4 15. Bd3
Nxd2 16. Kxd2 Nxd4 17. Qc3 Nc6 18. Nc5 d4 19. Qc4 dxe3+ 20. Ke2 Bxc5 21. Qxc5
Qxf4 22. Qxe3 Qg4+ 23. Kf2 Qh4+ 24. g3 Qf6+ 25. Kg2 Qxb2+ 26. Rc2 Qf6 27. Rf1
Qe7 28. Be4 O-O 29. h4 Ne5 30. Re2 Ng4 31. Qf4 Nf6 32. Bf3 Qc7 33. Qg5 Qc5 34.
Re5 Qc2+ 35. Rf2 Qc1 36. g4 Qxg5 37. hxg5 Nd7 38. Re3 Nc5 39. Kg3 Rfd8 40. Re1
Nd3 41. Rh1 Nxf2 42. Kxf2 Rc2+ 43. Ke3 Rc3+ 44. Kf4 Rd4+ 45. Ke5 Rd2 46. Be4
Rc5+ 47. Kf4 Rc4 48. Kf3 Rdd4 49. Bxb7 Rf4+ 50. Ke3 Rxg4 51. Bxa6 Ra4 52. Be2
Rg3+ 53. Kf2 Rxg5 54. Rh3 Rf5+ 55. Rf3 Rxa2 56. Rxf5 Rxe2+ 57. Kxe2 exf5 58. Kf3
f6 59. Kf4 Kf7 60. Kg3 g5 61. Kf3 Kg6 62. Ke3 g4 63. Kf2 Kg5 64. Kg3 f4+ 65. Kg2
f5 66. Kf2 g6 67. Kg2 f3+ 68. Kg3 f4+ 69. Kh2 Kh4 70. Kg1 Kg3 71. Kf1 f2 72. Ke2
Kg2 73. Kd3 f1=Q+ 74. Ke4 Qf3+ 75. Ke5 Qe3+ 76. Kf6 f3 77. Kg7 g3 78. Kh8 g5 79.
Kh7 g4 80. Kg8 Qe7 81. Kh8 Kh3 82. Kg8 Kh4 83. Kh8 Kh5 84. Kg8 Kg6 85. Kh8 Qe8# 0-1

[Event "Titled Tue 3rd Jan Late"]
[Site "chess.com INT"]
[Date "2025.06.03"]
[Round "2"]
[White "Rao, Anjaneya Sripathy"]
[Black "Tologon tegin, Semetei"]
[Result "1-0"]
[WhiteTitle "CM"]
[BlackTitle "IM"]
[WhiteElo "2173"]
[BlackElo "2313"]
[WhiteFideId "30954770"]
[BlackFideId "13800574"]
[EventDate "2025.06.03"]

1. e4 c5 2. Nf3 d6 3. d4 cxd4 4. Qxd4 Nf6 5. Be2 g6 6. h3 Bg7 7. O-O O-O 8. Qe3
Nc6 9. Nc3 b6 10. Rd1 Qc7 11. Rb1 Bb7 12. b4 Rac8 13. Nd5 Nxd5 14. exd5 Ne5 15.
Nxe5 Bxe5 16. c4 Rfe8 17. Bb2 e6 18. dxe6 Rxe6 19. Bxe5 Rxe5 20. Qd2 d5 21. c5
bxc5 22. bxc5 Ba8 23. Bf3 Qe7 24. Rdc1 h5 25. Qd4 Bc6 26. g3 Rf5 27. Bg2 Qe2 28.
Re1 Qxa2 29. Ra1 Qc4 30. Qxc4 dxc4 31. Rxa7 Bxg2 32. Kxg2 Rcxc5 33. Ra2 c3 34.
Rc2 Rf6 35. Re3 Rfc6 36. Kf1 g5 37. h4 gxh4 38. gxh4 Kg7 39. Ke2 Rc4 40. f3 Rxh4
41. Rcxc3 Rh2+ 42. Kd3 Rd6+ 43. Ke4 Rh4+ 44. Ke5 Rg6 45. f4 Re6+ 46. Kf5 Rf6+
47. Ke5 Rhxf4 48. Rg3+ Kh6 49. Rg8 R6f5+ 50. Kd6 Rg5 51. Rh8+ Kg7 52. Rhc8 Rf6+
53. Ke7 Re6+ 54. Kd7 Rd5+ 55. Kc7 h4 56. Rc4 Rh6 57. Ra8 h3 58. Rg4+ Kh7 59.
Rag8 Rhh5 60. R4g7+ Kh6 61. Rxf7 Rdf5 62. Rfg7 Rf6 63. Rg1 h2 64. Rh8# 1-0

[Event "Titled Tue 3rd Jan Late"]
[Site "chess.com INT"]
[Date "2025.06.03"]
[Round "2"]
[White "Ferraz, Michel Liah"]
[Black "Sieciechowicz, Marcin"]
[Result "0-1"]
[BlackTitle "IM"]
[WhiteElo "1998"]
[BlackElo "2410"]
[WhiteFideId "22743219"]
[BlackFideId "1130170"]
[EventDate "2025.06.03"]

1. d4 Nf6 2. c4 g6 3. Nc3 d5 4. Nf3 Bg7 5. Bg5 Ne4 6. Bf4 Nxc3 7. bxc3 O-O 8. e3
c5 9. Rb1 Nc6 10. Be2 dxc4 11. Bxc4 cxd4 12. cxd4 Qa5+ 13. Qd2 Qxd2+ 14. Kxd2 b6
15. Rbc1 Bb7 16. Ke2 Rac8 17. h4 Na5 18. Bd3 Bd5 19. Ba6 Bb7 20. Bxb7 Nxb7 21.
h5 Rfd8 22. hxg6 hxg6 23. Ne5 Bxe5 24. Bxe5 f6 25. Bf4 Nd6 26. Rxc8 Rxc8 27.
Bxd6 exd6 28. Kd2 Kg7 29. Rb1 Kf7 30. g4 Rc4 31. Kd3 Ra4 32. Rb2 Ke6 33. f4 Ra3+
34. Ke4 d5+ 35. Kf3 Kd6 36. g5 fxg5 37. fxg5 Rc3 38. Rh2 Ke6 39. Kf4 Rc1 40. Rh6
Rf1+ 41. Kg3 Kf5 42. Rh7 Kxg5 43. Rxa7 Rb1 44. Rd7 Rb5 45. Rd6 Kf5 46. Kf3 g5
47. Rd8 g4+ 48. Kg3 Ra5 49. Rf8+ Ke4 50. Re8+ Kd3 51. Kxg4 Rxa2 52. Re6 b5 53.
Re5 Kc4 54. e4 dxe4 55. Rxe4 Rd2 56. Kf5 Rxd4 57. Re8 b4 58. Rc8+ Kd3 59. Ke5
Rd7 60. Rb8 Kc3 61. Ke4 b3 62. Ke3 b2 63. Rc8+ Kb3 64. Rb8+ Kc2 65. Ra8 Rc7 66.
Rc8 Rxc8 0-1

[Event "Titled Tue 3rd Jan Late"]
[Site "chess.com INT"]
[Date "2025.06.03"]
[Round "2"]
[White "Fernandez Guillen, Ernesto J."]
[Black "Zhukovskyi, Oleksandr"]
[Result "0-1"]
[WhiteTitle "IM"]
[BlackTitle "CM"]
[WhiteElo "2485"]
[BlackElo "2153"]
[WhiteFideId "3512428"]
[BlackFideId "14169371"]
[EventDate "2025.06.03"]

1. e4 Nf6 2. Nc3 d5 3. exd5 Nxd5 4. d4 Nxc3 5. bxc3 g6 6. Bd3 Bg7 7. Ne2 c5 8.
h4 h5 9. Bg5 Nc6 10. O-O cxd4 11. cxd4 Nxd4 12. Nxd4 Qxd4 13. Bb5+ Kf8 14. Qe2
Bf6 15. Rad1 Qb6 16. Be3 Qc7 17. Bd4 Bg4 18. Qe3 Bxd1 19. Rxd1 Rd8 20. c3 Kg7
21. Re1 Bxd4 22. cxd4 Rd5 23. Ba4 Rhd8 24. Bb3 Rxd4 25. g3 R8d7 26. Rc1 Qd6 27.
Rc8 Rd3 28. Qxa7 Rc7 29. Qa8 Rxc8 30. Qxc8 Qc6 31. Qb8 Rc3 32. Qe5+ Kg8 33. Kh2
Rf3 34. Kg1 Rc3 35. Kh2 Qf6 36. Qe2 Rc5 37. Kg2 b5 38. Qe3 Qc6+ 39. Kh2 Rc3 40.
Qd4 Rf3 41. Qd8+ Kg7 42. Qd2 Qf6 43. Kg2 Rf5 44. Qe3 Qc6+ 45. Kh2 Qd6 46. Qc3+
Qe5 47. Qc2 Qd4 48. Kg2 Re5 49. Qc1 Qe4+ 50. Kh2 Qe2 51. Kg2 Rf5 52. Qc3+ e5 53.
Qc5 Qe4+ 54. Kg1 Qe1+ 55. Kg2 Qe4+ 56. Kg1 Qf3 57. Qb6 e4 58. Qd4+ Rf6 59. Bd1
Qd3 60. Qxd3 exd3 61. Kf1 Re6 62. Bf3 Re5 63. Kg2 Kf6 64. g4 hxg4 65. Bxg4 d2
66. f4 Re1 67. Kf2 d1=Q 68. Bxd1 Rxd1 69. Ke3 Ra1 70. Kd4 Rxa2 71. Kc5 Ra4 72.
Kxb5 Rxf4 73. Kc5 Rxh4 74. Kd5 Rf4 0-1

[Event "Titled Tue 3rd Jan Late"]
[Site "chess.com INT"]
[Date "2025.06.03"]
[Round "2"]
[White "Rosenberg, Evan S"]
[Black "Moosavifar, Seyed Abolfazl"]
[Result "0-1"]
[BlackTitle "FM"]
[WhiteElo "1989"]
[BlackElo "2303"]
[WhiteFideId "2019299"]
[BlackFideId "42548195"]
[EventDate "2025.06.03"]

1. c4 e6 2. Nc3 d5 3. e3 Nf6 4. Nf3 b6 5. cxd5 exd5 6. b3 Bb7 7. Bb2 Be7 8. Bb5+
c6 9. Be2 O-O 10. Qc2 c5 11. d4 Nc6 12. dxc5 bxc5 13. O-O Rc8 14. Rad1 Qa5 15.
a3 Rfd8 16. Qf5 g6 17. Qh3 d4 18. Nb1 Qb6 19. Bc4 Na5 20. Bxf7+ Kxf7 21. Ng5+
Kg8 22. exd4 Qxb3 23. Bc3 cxd4 24. Bxa5 Qxh3 25. Nxh3 Rd5 26. Bd2 Rc2 27. Rfe1
Bf8 28. Nf4 Rf5 29. Ne6 Bc5 30. Nxc5 Rfxc5 31. Re7 Bd5 32. Bh6 Rc7 33. Rxc7 Rxc7
34. Rxd4 Rc2 35. h3 Kf7 36. Nd2 Be6 37. Nf3 Bf5 38. Ra4 Rc7 39. Ne5+ Ke6 40. Nc4
Nd5 41. Ne3 Nxe3 42. Bxe3 Rc2 43. Rxa7 h5 44. Ra6+ Kd5 45. Ra5+ Kc6 46. Ra6+ Kb7
47. Rd6 Kc7 48. Rd2 Rc3 49. Rd1 Rxa3 50. Rc1+ Kd7 51. Rc5 Ke6 52. Rc6+ Kd5 53.
Rc7 Ra1+ 54. Kh2 Rb1 55. Rc5+ Ke4 56. Rc1 Rb3 57. Rc4+ Kd3 58. Rd4+ Ke2 59. Rd2+
Ke1 60. Kg1 Rxe3 61. fxe3 Kxd2 62. Kf2 Be4 63. g3 g5 64. h4 g4 65. Kg1 Kxe3 66.
Kh2 Kf3 67. Kh1 Kxg3+ 68. Kg1 Kxh4 69. Kh2 Bf5 70. Kg1 Kg3 71. Kh1 h4 0-1